Statistics for College Football Championships

Click here to take the quiz!

General Stats

  • This quiz has been taken 19 times
  • The average score is 9 of 10

Answer Stats

YearWinnerLoser% Correct
2015Ohio St.Oregon
100%
2016AlabamaClemson
94%
2018AlabamaGeorgia
94%
2019ClemsonAlabama
94%
2021AlabamaOhio St.
88%
2017ClemsonAlabama
88%
2022GeorgiaAlabama
88%
2023GeorgiaTCU
88%
2024MichiganWashington
88%
2020LSUClemson
75%

Score Distribution

Percentile by Number Answered

Percent of People with Each Score

Your Score History

You have not taken this quiz